[Event "FAI-chT 1415"]
[Site "Faroe Islands"]
[Date "2014.11.02"]
[Round "2.2"]
[White "Vilhelmsen, Jogvan Sofus"]
[Black "Olsen, Rogvi M"]
[Result "0-1"]
[WhiteElo "1565"]
[BlackElo "1919"]
[PlyCount "54"]
[EventDate "2014.10.26"]
[EventType "team-tourn"]
[EventRounds "10"]
[EventCountry "FAI"]
[SourceTitle "CBM 163 Extra"]
[Source "ChessBase"]
[SourceDate "2014.12.23"]
[SourceVersion "1"]
[SourceVersionDate "2014.12.23"]
[SourceQuality "1"]
[WhiteTeam "Klaksvik II"]
[BlackTeam "Toftir"]
[WhiteTeamCountry "FAI"]
[BlackTeamCountry "FAI"]

1. d4 Nf6 2. c4 e5 3. d5 Bc5 4. Nc3 d6 5. Nf3 0-0 6. Qc2 h6 7. e3 c6 8. Bd3 cxd5 9. Nxd5 Nxd5 10. cxd5 f5 11. e4 fxe4 12. Bxe4 Nd7 13. Bh7+ Kh8 14. Bd3 Nf6 15. Bc4 Ng4 16. Rf1 e4 17. h3 exf3 18. gxf3 Nh2 19. Be2 Nxf1 20. Bxf1 Rxf3 21. Qe4 Bxf2+ 22. Kd1 Rf8 23. Bf4 Bf5 24. Qg2 Qb6 25. Bd2 Qd4 26. a4 Rac8 27. Ra2 Bc2+ 0-1

[Event "FAI-chT 1314"]
[Site "Torshavn"]
[Date "2014.01.12"]
[Round "5.4"]
[White "Jacobsen, Runi Tindskard"]
[Black "Vilhelmsen, Jogvan Sofus"]
[Result "1/2-1/2"]
[WhiteElo "1599"]
[BlackElo "1590"]
[PlyCount "41"]
[EventDate "2013.10.27"]
[EventType "team-tourn"]
[EventRounds "10"]
[EventCountry "FAI"]
[SourceTitle "EXT 2019"]
[Source "ChessBase"]
[SourceDate "2018.10.10"]
[SourceVersion "1"]
[SourceVersionDate "2018.10.10"]
[SourceQuality "1"]
[WhiteTeam "Toftir"]
[BlackTeam "Klaksvik II"]
[WhiteTeamCountry "FAI"]
[BlackTeamCountry "FAI"]

1. e4 c5 2. Nf3 Nc6 3. d4 cxd4 4. Nxd4 a6 5. Nc3 e5 6. Nf5 d6 7. Ne3 Nf6 8. g4 h6 9. Bg2 Ne7 10. h4 Be6 11. Nf5 Nc6 12. Be3 g6 13. Nxh6 Bxh6 14. g5 Ng4 15. gxh6 Nxe3 16. fxe3 Rxh6 17. Qd2 Rxh4 18. 0-0-0 Rxh1 19. Bxh1 Bg4 20. Rg1 Be6 21. Rd1 1/2-1/2